00377nam a2200157Ia 45000010006000000050017000060080041000230410008000640820018000721000037000902450039001272600009001663000028001756500008002036540008002111800720260306171559.0260306s9999||||xx |||||||||||||| ||und|| aESP a658.3121bA69 aArenas Reina, José ManueleAUT 0aControl de tiempos y productividad c2000 a111 páginas :c24 cm. aGEN aCAN